| Tag |
First Indicator |
Second Indicator |
Subfields |
| LEADER |
00000cam a2200000Ii 4500 |
| 001 |
in00002058722 |
| 005 |
20151101191434.0 |
| 008 |
810724s1977 txub b s000 0 eng d |
| 035 |
|
|
|a (OCoLC)ocm07611352
|
| 040 |
|
|
|a TXO
|c TXO
|d TXA
|d UtOrBLW
|
| 043 |
|
|
|a n-us-tx
|
| 049 |
|
|
|a TXAM
|
| 090 |
|
|
|a F394.S44
|b I84 1977
|
| 100 |
1 |
|
|a Ivey, James E.
|
| 245 |
1 |
3 |
|a An archaeological and historical survey of Walnut Creek, Seguin, Texas /
|c James E. Ivey, et. al.
|
| 264 |
|
1 |
|a San Antonio :
|b Center for Archaeological Research, University of Texas at San Antonio,
|c 1977.
|
| 300 |
|
|
|a ii, 7 leaves :
|b map ;
|c 28 cm.
|
| 336 |
|
|
|a text
|b txt
|2 rdacontent
|
| 337 |
|
|
|a unmediated
|b n
|2 rdamedia
|
| 338 |
|
|
|a volume
|b nc
|2 rdacarrier
|
| 490 |
1 |
|
|a Archaeological survey report / Center for Archaeological Research, University of Texas at San Antonio ;
|v no. 30
|
| 536 |
|
|
|a From the Department of Anthropology, Texas Archaeology Collection, January 2005.
|
| 651 |
|
0 |
|a Seguin (Tex.)
|x Antiquities.
|
| 651 |
|
0 |
|a Walnut Creek (Tex.)
|
| 710 |
2 |
|
|a University of Texas at San Antonio.
|b Center for Archaeological Research.
|
| 830 |
|
0 |
|a Archaeological survey report (San Antonio, Tex.) ;
|v no. 49.
|
| 948 |
|
|
|a cataloged
|b h
|c 2005/7/14
|d c
|e eneff
|f 11:40:30 am
|
| 994 |
|
|
|a C0
|b TXA
|
| 999 |
|
|
|a MARS
|
| 999 |
f |
f |
|s 3fb1cb10-835d-36ab-ae21-ced567dc996b
|i 377f1693-1bfd-3c63-a113-ca30e90e956a
|t 0
|
| 952 |
f |
f |
|p ric
|a Texas A&M University
|b Rellis Campus
|c Joint Library Facility
|d Remote Storage
|t 0
|e F394.S44 I84 1977
|h Library of Congress classification
|i unmediated -- volume
|m A14832226419
|
| 998 |
f |
f |
|a F394.S44 I84 1977
|t 0
|l Remote Storage
|